Normal view
MARC view
Entry Personal Name
001 - CONTROL NUMBER
- control field: 316271
003 - CONTROL NUMBER IDENTIFIER
- control field: OSt
005 - DATE AND TIME OF LATEST TRANSACTION
- control field: 20220926012345.0
008 - FIXED-LENGTH DATA ELEMENTS
- fixed length control field: 220926|| aca||aabn | a|a d
040 ## - CATALOGING SOURCE
- Original cataloging agency: OSt
- Transcribing agency: OSt
100 ## - HEADING--PERSONAL NAME
- Personal name: National Research Council, Geological Sciences (Committee on-)
670 ## - SOURCE DATA FOUND
- Source citation: Work cat.: (OSt)622665: National Research Council, Geological Sciences (Committee on-) 316270, Earth and human affairs, 1972
